Aprenda a descansar / (Record no. 125680)

MARC details
000 -LEADER
campo de control de longitud fija 00603nam a2200193 4500
001 - NÚMERO DE CONTROL
campo de control 125680
003 - IDENTIFICADOR DE NÚMERO DE CONTROL
campo de control ES-MaACL
005 - FECHA Y HORA DE LA ÚLTIMA TRANSACCIÓN
campo de control 20230906192659.0
007 - CAMPO FIJO DE DESCRIPCIÓN FÍSICA--INFORMACIÓN GENERAL
campo de control de longitud fija t|
008 - DATOS DE LONGITUD FIJA--INFORMACIÓN GENERAL
campo de control de longitud fija 070214s1960 sp r ||||1| spa d
100 1# - ENTRADA PRINCIPAL--NOMBRE DE PERSONA
Nombre de persona Rathbone, Josephine L.
9 (RLIN) 95524
245 10 - MENCIÓN DEL TÍTULO
Título Aprenda a descansar /
Mención de responsabilidad, etc. Josephine L. Rathbone ; traducción del inglés por Juan G. de Luaces, José Baeza.
250 ## - MENCION DE EDICION
Mención de edición 1ª. ed.
260 ## - PUBLICACIÓN, DISTRIBUCIÓN, ETC.
Lugar de publicación, distribución, etc. Barcelona :
Nombre del editor, distribuidor, etc. Juventud,
Fecha de publicación, distribución, etc. 1960.
300 ## - DESCRIPCIÓN FÍSICA
Extensión 221 p. :
Otras características físicas il. ;
Dimensiones 23 cm.
700 1# - ENTRADA AGREGADA--NOMBRE PERSONAL
Nombre de persona Luaces, Juan G. de.
9 (RLIN) 74483
700 1# - ENTRADA AGREGADA--NOMBRE PERSONAL
Nombre de persona Baeza, José.
9 (RLIN) 24613
852 ## - LOCALIZACIÓN
Ubicación ES-MaACL
Número de control de estantería C-18480
Sublocalización o colección R.46721
Holdings
Estatus retirado Estado de pérdida Estado de daño No para préstamo Biblioteca de origen Biblioteca actual Ubicación en estantería Fecha de adquisición Fuente de adquisición Total de préstamos Signatura topográfica completa Código de barras Visto por última vez Precio de reemplazo Tipo de ítem Koha
        Biblioteca del Ateneo de Madrid Biblioteca del Ateneo de Madrid Galería 17/01/2008     C-18480 1130922 23/02/2023 23/02/2023 Libro impreso